The noble scholar, jurist, historian


 His Excellency Dr. Abdul Wahhab bin Ibrahim Abu Sulaiman, may Allah have mercy on him.


 He was born in Umm Al-Qura in the year 1356 AH.

الفروق / (Record no. 6617)

MARC details
000 -LEADER
fixed length control field 01647cam a2200313 i 4500
003 - CONTROL NUMBER IDENTIFIER
control field SA-RiAUC
005 - DATE AND TIME OF LATEST TRANSACTION
control field 20250325113629.0
008 - FIXED-LENGTH DATA ELEMENTS--GENERAL INFORMATION
fixed length control field 250325s1926 su g 00010 ara c
040 ## - CATALOGING SOURCE
Original cataloging agency SA-RiKAPL
Language of cataloging ara
Transcribing agency SA-RiAUC
Description conventions rda
072 #0 - SUBJECT CATEGORY CODE
Subject category code 028
082 04 - DEWEY DECIMAL CLASSIFICATION NUMBER
Classification number 251.6
090 ## - LOCALLY ASSIGNED LC-TYPE CALL NUMBER (OCLC); LOCAL CALL NUMBER (RLIN)
Classification number (OCLC) (R) ; Classification number, CALL (RLIN) (NR) ن 251.6
Local cutter number (OCLC) ; Book number/undivided call number, CALL (RLIN) ق ر ا
100 1# - MAIN ENTRY--PERSONAL NAME
Personal name القرافي، أحمد بن إدريس بن عبد الرحمن،
Dates associated with a name 626-684 هجري
Relator term مؤلف.
245 12 - TITLE STATEMENT
Title الفروق /
Statement of responsibility, etc. شهاب الدين أبي العباس أحمد بن إدريس بن عبد الرحمن الصنهاجي المشهور بالقرافي. وبهامش الكتاب تهذيب الفروق والقواعد السنية في الاسرار الفقهية/ محمد علي بن حسين.
250 ## - EDITION STATEMENT
Edition statement الطبعة الأولى.
264 #1 - PRODUCTION, PUBLICATION, DISTRIBUTION, MANUFACTURE, AND COPYRIGHT NOTICE
Place of production, publication, distribution, manufacture مكة المكرمة :
Name of producer, publisher, distributor, manufacturer دار إحياء الكتب العربية،
Date of production, publication, distribution, manufacture, or copyright notice [1926]
300 ## - PHYSICAL DESCRIPTION
Extent 4 مجلد ؛
Dimensions 26 سم
336 ## - CONTENT TYPE
Content type term نص
Content type code txt
Source rdacontent
Materials specified كتاب
337 ## - MEDIA TYPE
Media type term بدون وسيط
Media type code n
Source rdamedia
338 ## - CARRIER TYPE
Carrier type term مجلد
Carrier type code nc
Source rdacarrier
650 #7 - SUBJECT ADDED ENTRY--TOPICAL TERM
Topical term or geographic name entry element القواعد الفقهية
Source of heading or term aucsh
650 #7 - SUBJECT ADDED ENTRY--TOPICAL TERM
Topical term or geographic name entry element أصول الفقه الإسلامي
Source of heading or term aucsh
700 12 - ADDED ENTRY--PERSONAL NAME
Personal name المالكي، محمد علي بن حسين بن إبراهيم،
Dates associated with a name 1287-1367 هجري.
Title of a work تهذيب الفروق.
700 12 - ADDED ENTRY--PERSONAL NAME
Personal name المالكي، محمد علي بن حسين بن إبراهيم،
Dates associated with a name 1287-1367 هجري.
Title of a work القواعد السنية في الأسرار الفقهية.
740 02 - ADDED ENTRY--UNCONTROLLED RELATED/ANALYTICAL TITLE
Uncontrolled related/analytical title تهذيب الفروق.
740 22 - ADDED ENTRY--UNCONTROLLED RELATED/ANALYTICAL TITLE
Uncontrolled related/analytical title القواعد السنية في الأسرار الفقهية.
942 ## - ADDED ENTRY ELEMENTS (KOHA)
Source of classification or shelving scheme Dewey Decimal Classification
Koha item type كتاب نادر
Suppress in OPAC No
949 ## - LOCAL PROCESSING INFORMATION (OCLC)
a SA-JeALM
d 250325
u eid123
n 1
Holdings
Withdrawn status Lost status Source of classification or shelving scheme Materials specified (bound volume or other part) Damaged status Not for loan Home library Current library Date acquired Total checkouts Full call number Barcode Date last seen Price effective from Koha item type
    Dewey Decimal Classification الجزء الاول     DR AbdElwahab Library DR AbdElwahab Library 03/25/2025   ن 251.6 ق ر ا 000011126 03/25/2025 03/25/2025 كتاب نادر
    Dewey Decimal Classification الجزء الثاني     DR AbdElwahab Library DR AbdElwahab Library 03/25/2025   ن 251.6 ق ر ا 000011127 03/25/2025 03/25/2025 كتاب نادر
    Dewey Decimal Classification الجزء الثاني     DR AbdElwahab Library DR AbdElwahab Library 03/25/2025   ن 251.6 ق ر ا 000011128 03/25/2025 03/25/2025 كتاب نادر
    Dewey Decimal Classification الجزء الرابع     DR AbdElwahab Library DR AbdElwahab Library 03/25/2025   ن 251.6 ق ر ا 000011129 03/25/2025 03/25/2025 كتاب نادر